|
|
|
|
| LEADER |
00000nab a2200000 ar4500 |
| 001 |
vtls009004118 |
| 003 |
SK-MaSNL |
| 005 |
20260420134834.0 |
| 008 |
070611c2007 xo |||||||| 000 b|hun |
| 015 |
|
|
|a SNBRB2007/06
|2 snkbucl
|
| 038 |
|
|
|a SNKBUCL
|
| 040 |
|
|
|a DSZK
|b slo
|c DSZK
|e AACR2
|
| 041 |
0 |
|
|a hun
|
| 044 |
|
|
|a xo
|c SK
|
| 080 |
|
|
|a 82:061.7
|x (=511.141)
|x (437.6)
|2 1997
|
| 080 |
|
|
|a 821.511.141 (437.6):061.7
|2 1997
|
| 080 |
|
|
|a 7:06.068
|x (=511.141)
|x (437.6)
|2 1997
|
| 080 |
|
|
|a 06.068
|x (=511.141)
|x (437.6)
|2 1997
|
| 245 |
0 |
0 |
|a Irodalmunk reflektorfényben
|
| 300 |
|
|
|b Fotogr.
|
| 648 |
|
7 |
|a 2007
|2 snkbucl
|9 313226
|
| 648 |
|
7 |
|a 6.6.2007
|2 snkbucl
|9 1065941
|
| 650 |
0 |
7 |
|a Literárna cena Posonium
|y 2007
|2 snkbucl
|9 1065942
|
| 650 |
0 |
7 |
|a Umelecká cena Posonium
|y 2007
|2 snkbucl
|9 1063107
|
| 773 |
0 |
|
|t Szabad újság
|g Évf. XV, sz. 23 (2007), o. 11
|x 1335-6631
|
| 852 |
|
|
|a SNK
|b KIS3GCP
|
| 852 |
|
|
|a DSZK
|b KIS3GCP
|
| 958 |
|
|
|a HU
|
| 958 |
|
|
|a SK
|
| 999 |
|
|
|c 1751947
|d 1753877
|